Cite os 10 principais países produtores de petróleo - Statistics

Estatísticas Gerais
  • Esse quiz foi jogado 132 vezes
  • A pontuação média é 8 de 10
Estatísticas das Respostas
Milhões de bpd Resposta % Correto
11,81 Arábia Saudita
96%
19,51 Estados Unidos
93%
3,67 Brasil
86%
11,49 Rússia
86%
3,19 Irã
82%
4,89 China
79%
4,01 Emirados Árabes Unidos
72%
5,50 Canadá
71%
4,74 Iraque
71%
2,94 Kuwait
50%
Nenhum quiz correspondente encontrado
Distribuição das Pontuações
Porcentagem de Pessoas com Cada Pontuação
Percentil de Números Respondidos
Sua Pontuação Histórica
Você não jogou esse quiz